00719nam a22001817a 450000500170000001000150001702000260003203500140005803700090007208200130008110000540009424500990014826000770024727000990032430000200042350000740044370000200051720240801102336.0 aENG-140805 a9789350070567c110.00 aEN-124337 bDBAD a745.0954 aNational Council of Educational Research Training aExploring the Craft Traditions of India/cBy National Council of Educational Research Training aNew Delhi bNational Council of Educational Research and Training c2010 aNational Council of Educational Research and Training Shri Aurobindo Marg bNew Delhi e110016 a120pc27cm(pbk) aField Study and application in Heritage Crafts for Classes XI and XII aKaushik Sonika